| 000 | 00540nam a2200169 4500 | ||
|---|---|---|---|
| 001 | 113961 | ||
| 003 | ES-MaACL | ||
| 005 | 20230906190038.0 | ||
| 007 | t| | ||
| 008 | 061121s1938 sp r ||||1| spa d | ||
| 100 | 1 |
_aPagliaro, Antonino. _988298 |
|
| 245 | 1 | 3 |
_aEl Fascismo _b: comentario a su doctrina / _cAntonino Pagliaro ; versión española por Claudio de Monfort. |
| 260 |
_aBilbao : _bLa Editorial Vizcaina, _c1938. |
||
| 300 |
_a185 p. ; _c25 cm. |
||
| 700 | 1 |
_aMonfort, Claudio de. _982182 |
|
| 852 |
_aES-MaACL _jA-4937 _bR.16898 |
||
| 999 |
_c113961 _d113961 |
||